Music Quiz

Random Music or Song Quiz
Score 0/18 Timer 03:00
0 Plays Today
CD Song Title % Correct
From Under the Cork TreeSugar, we're going down
82.6%
From Under the Cork TreeDance, Dance
82%
Folie DeuxI Don't care
79.8%
Folie � Deux*America's Suitehearts
67.8%
Folie � Deux*What a Catch, Donnie
65.9%
Infinity on High*Thnx fr th mmrs
65%
Infinity on High*This ain't a scene its an Arms race
64.7%
Take This to Your GraveSaturday
63.1%
Infinity on HighHum Hallelujah
57.1%
CD Song Title % Correct
Take This to Your GraveDead on Arrival
56.2%
Take This to Your Grave**Grand Theft Autumn (Where is Your Boy)
52.1%
Infinity on HighGolden
50.5%
Believers Never Die: Greatest HitsAlpha Dog
42.6%
Take This to Your GraceCalm Before the Storm
36%
Evening Out With Your GirlfriendCalm Before the Storm
36%
From Under the Cork Tree (Japanese Bonus Track)The Music or the Misery
30.6%
Evening Out With Your GirlfriendGrowing Up
26.8%
Infinity on High**I'm Like A Lawyer With The Way I'm Always Trying To Get You Off (Me & You)
25.9%
Remove Ads.
Support Sporcle.
Get the best of Sporcle when you Go Orange. This ad-free experience offers more features, more stats, and more fun while also helping to support Sporcle. Thank you for becoming a member.

You're not logged in!

Compare scores with friends on all Sporcle quizzes.
OR
Log In

Show Comments

Extras

Created Nov 25, 2010SourceReportNominate
Tags:Lyrics Quiz, Song Quiz

Top Quizzes Today


Score Distribution

Your Account Isn't Verified!

In order to create a playlist on Sporcle, you need to verify the email address you used during registration. Go to your Sporcle Settings to finish the process.

Report this User

Report this user for behavior that violates our Community Guidelines.

Details: